Vista normal Vista MARC

Entrada Corporate Name

Número de registros utilizados en: 1

001 - CONTROL NUMBER

  • control field: 9125

003 - CONTROL NUMBER IDENTIFIER

  • control field: OSt

005 - DATE AND TIME OF LATEST TRANSACTION

  • control field: 20200824152040.0

008 - FIXED-LENGTH DATA ELEMENTS

  • fixed length control field: 200824|| aca||aabn | a|a d

040 ## - CATALOGING SOURCE

  • Original cataloging agency: OSt
  • Transcribing agency: OSt

110 ## - HEADING--CORPORATE NAME

  • Corporate name or jurisdiction name as entry element: Colombia. Fedesarrollo

670 ## - SOURCE DATA FOUND

  • Source citation: Work cat.: (OSt)6056: Colombia. Fedesarrollo, Las formas de Contratación entre Prestadoras y Administradoras de Salud :, 1995.